000
00291nam a22000977a 4500
008
250313b |||||||| |||| 00| 0 eng d
020
_a
9780323511407
050
_a
RT 48.5.F47
245
_a
Ferri's best test: A practical guide to clinical laboratory medicine and diagnostic imaging
942
_c
BK
999
_c
2305
_d
2305